000 00429nam a22001577a 4500
005 20250505153313.0
008 250505b |||||||| |||| 00| 0 eng d
020 _a9781861521477
050 _aHF 5415
_b.13 FRA
100 _aFRAIN, JOHN
245 _aINTRODUCTION TO MARKETING
_cJOHN FRAIN
250 _a4TH EDITION
260 _aLONDON
_bINTERNATIONAL THOMSON BUSINESS PRESS
_cc1999
300 _aix;,444p;
942 _2lcc
_cBK
_n0
999 _c5649
_d5649